Financial Bilingualism as a Success Factor for Effective Investment Decisions: the Case of Contingent Assets and Liabilities under the IFRS and the US GAAP

Usmernenia o rizikách znižovania vyplývajúcich z nedostatočnej znalosti týchto rozdielov pri rozhodovaní o investíciách. Rozdiely vo vykazovaní, oceňovaní a prezentácii podmienených aktív a pasív podľa IFRS a US GAAP.

Enregistré dans:
Détails bibliographiques
Auteur principal: Bagiová, Alexandra, 1994-
Autres auteurs: Meluchová, Jitka, 1965-, Mateášová, Martina, 1979-
Format: Chapitre de livre
Langue:anglais
Sujets:
Tags: Ajouter un tag
Pas de tags, Soyez le premier à ajouter un tag!

MARC

LEADER 00000naa$a2200000$$$4500
001 0261458
005 20240502083750.4
041 0 |a eng 
044 |a CZ 
245 1 0 |a Financial Bilingualism as a Success Factor for Effective Investment Decisions: the Case of Contingent Assets and Liabilities under the IFRS and the US GAAP 
520 |a Usmernenia o rizikách znižovania vyplývajúcich z nedostatočnej znalosti týchto rozdielov pri rozhodovaní o investíciách. Rozdiely vo vykazovaní, oceňovaní a prezentácii podmienených aktív a pasív podľa IFRS a US GAAP. 
610 2 0 |a aktíva 
610 2 0 |a záväzky 
610 2 0 |a IFRS 
610 2 0 |a účtovníctvo 
100 1 |a Bagiová, Alexandra, 1994- 
700 1 |a Meluchová, Jitka, 1965- 
700 1 |a Mateášová, Martina, 1979-